عرض عادي
عرض مارك
مدخل Personal Name
001 - CONTROL NUMBER
- control field: 10574
003 - CONTROL NUMBER IDENTIFIER
- control field: DLC
005 - DATE AND TIME OF LATEST TRANSACTION
- control field: 20260204103928.0
008 - FIXED-LENGTH DATA ELEMENTS
- fixed length control field: 881123n| acannaabn |a aaa
010 ## - LIBRARY OF CONGRESS CONTROL NUMBER
- LC control number: n 88159331
035 ## - SYSTEM CONTROL NUMBER
- System control number: (OCoLC)oca02409969
040 ## - CATALOGING SOURCE
- Original cataloging agency: DLC
- Language of cataloging: eng
- Transcribing agency: DLC
- Modifying agency: DLC
- Modifying agency: OCoLC
100 1# - HEADING--PERSONAL NAME
- Personal name: إبن حنبل، احمد بن محمد
- Dates associated with a name: 780-855.
- Title of a work: المسند
400 1# - SEE FROM TRACING--PERSONAL NAME
- Personal name: Ibn Ḥanbal, Aḥmad ibn Muḥammad,
- Dates associated with a name: 780-855.
- Title of a work: Musnad al-Imām Aḥmad ibn Ḥanbal
500 ## - SEE ALSO FROM TRACING--PERSONAL NAME
- Personal name: Ibn Ḥanbal, Aḥmad ibn Muḥammad,
- Dates associated with a name: 780-855.
- Title of a work: Musnad
670 ## - SOURCE DATA FOUND
- Source citation: Salafī, Ḥ. ʻA.al-M. Murshid al-muḥtār ilá mā fī ... 1981-
670 ## - SOURCE DATA FOUND
- Source citation: Brockelmann
- Information found: (Musnad Aḥmad ibn Ḥanbal)
905 ## - cataloger
- cataloger: Auth_BKS